000 00560nam a2200181Ia 4500
005 20250508164822.0
008 008 250505s9999 xx 000 0 eng d
037 _aDissertations
040 _aFEDL
_beng
_cFEDL
041 _aeng
_2eng
084 _a420.7, KAL/DI
_qFEDL
100 _aKalra Prachi
_9553447
245 0 _aStudy of business english syllabuses at the under-graduate stage for L2 learners
260 _c1998
546 _aM.Phil. Dissertation, (Delhi University)
942 _cDIS
_h420.7, KAL/DI
999 _c1391392
_d1391392